| 000 | 01155nam0a22002291 4500 | ||
|---|---|---|---|
| 001 | rc\3489020 | ||
| 005 | 20250610011828.0 | ||
| 035 | _a(NLR Aleph) 007606093 | ||
| 090 |
_a5766469 _c5766469 |
||
| 100 | _a20130115a19739999|||y0rusy50 ca | ||
| 101 | 0 | _arus | |
| 102 | _aRU | ||
| 105 | _ay ac ||||| | ||
| 200 | 1 |
_aБиблиографический указатель диссертаций по травматологии, ортопедии и протезированию на степень доктора и кандидата медицинских наук (защищенных) _fМ-во здрав. СССР. Центр. ин-т травматологии и ортопедии им. Н.Н. Приорова |
|
| 210 |
_aМосква _cБ. и. _d1973- |
||
| 309 | _aОтпеч. множит. аппаратом | ||
| 801 | 0 |
_aRU _bNLR _gpsbo |
|
| 801 | 1 |
_aRU _bELAR _2rusmarc |
|
| 830 | _aПеречень имеющихся в библиотеке томов, номеров, годов этого издания смотри в каталоге периодических изданий | ||
| 852 |
_aNLR _jС277-506/Б59 |
||
| 942 | _cBOOK | ||
| 980 | _aNB | ||